000 00389nam a2200157 i 4500
001 bg
100 1 _aGUNTHER, Harald
245 0 _aSpektroskopia magnetycznego rezonansu jądrowego /
_cW. Günther.
260 _aWarszawa,
_c1983
_aPWN.
300 _a484 s.
040 _cBPK
041 _apol
080 _a539.14:543.4:547
942 _cKS
008 s pl f |000 0 pol
999 _c21979
_d21979
856 _uhttp://koha.tu.koszalin.pl/cgi-bin/koha/opac-detail.pl?biblionumber=21979
_yKatalog online BPK